000 00727nam a2200241Ia 4500
003 OSt
005 20220918230439.0
006 a|||||r|||| 00| 0
007 ta
008 220917b |||||||| |||| 00| 0 eng d
024 _a253,009
037 _cTextual
040 _aARTS
_cARTS
_beng
041 _2eng
_aeng
082 _aZ58:801, K0
100 _aSdobnikov Yuri Tr.
_9124809
245 0 _aSoviet civil legislation and procedure
_b Official texts and commentaries translated by Yuri Sdobnikov
260 _aMoscow
_bForeign languages Publishing house Russia
_c1960
300 _a174p.
_ccm.
650 _aLAW
_97240
942 _hZ58:801, K0
_cTEXL
_2CC
999 _c288012
_d288012